00600nam a2200169Ia 4500008004100000041001200041082001600053100001600069245007000085260003700155300000800192650001800200700001800218942000700236999001500243952017200258221030s9999 xx 000 0 und d aEnglish a105.23bSin aB. P. Singh 0aBusiness Organisaiton & Managementcby B. P. Singh, T. N. Chhabra bDhanpat Rai PubaNew Delhic2002 a848 aBE Management aT. N. Chhabra cBK c3276d3276 pBE 5387g125.00l0o105.23 Sinr2024-06-13 00:00:00w2022-10-30yBK003Print4070aMIETLIBbMIETLIBcBL-Academic Block- A, FL-1, CUP-69, SH-1, R-1d2002-06-1110HBE